000 nam a22 7a 4500
999 _c29918
_d29918
008 181012b xxu||||| |||| 00| 0 eng d
050 _aHD 2346 .45 M83 2012
100 _aMuchuga George
245 _aFactors afffecting suppliers selection in the horticultural industry:
_bA case study of Waridi/
260 _aKenya:
_c2012.
300 _axii,62p. :
_bIll ,;
_c30cm.
521 _aExecutive masters.
650 _aHorticulture
942 _2lcc
_cRESEARCH